000
00501nam a2200181Ia 4500
008
090124s9999 xx 000 0 und d
082
_b
127433
100
_a
चांदोरकर नीला
245
_a
जीवनदाता
250
_a
1
260
_c
1992
300
_a
219
600
_a
चांदोरकर नीला
630
_a
जीवनदाता
700
_a
चांदोरकर नीला
730
_a
जीवनदाता
942
_c
BOOK
999
_c
173522
_d
173522